Sudan : Midyear Review of the 2004 Staff-Monitored Program.

This paper presents the midyear review of the 2004 Staff-Monitored Program (SMP) for Sudan. Policy performance in the first half of 2004 was broadly in line with the program. All quantitative benchmarks and most structural benchmarks were met. Real GDP growth has been stronger than anticipated under...

Descripció completa

Dades bibliogràfiques
Autor corporatiu: International Monetary Fund
Format: Revista
Idioma:English
Publicat: Washington, D.C. : International Monetary Fund, 2005.
Col·lecció:IMF Staff Country Reports; Country Report ; No. 2005/184
Accés en línia:Full text available on IMF
LEADER 01555cas a2200241 a 4500
001 AALejournalIMF008839
008 230101c9999 xx r poo 0 0eng d
020 |c 5.00 USD 
020 |z 9781451833751 
022 |a 1934-7685 
040 |a BD-DhAAL  |c BD-DhAAL 
110 2 |a International Monetary Fund. 
245 1 0 |a Sudan :   |b Midyear Review of the 2004 Staff-Monitored Program. 
264 1 |a Washington, D.C. :  |b International Monetary Fund,  |c 2005. 
300 |a 1 online resource (40 pages) 
490 1 |a IMF Staff Country Reports 
500 |a <strong>Off-Campus Access:</strong> No User ID or Password Required 
500 |a <strong>On-Campus Access:</strong> No User ID or Password Required 
506 |a Electronic access restricted to authorized BRAC University faculty, staff and students 
520 3 |a This paper presents the midyear review of the 2004 Staff-Monitored Program (SMP) for Sudan. Policy performance in the first half of 2004 was broadly in line with the program. All quantitative benchmarks and most structural benchmarks were met. Real GDP growth has been stronger than anticipated under the program, but inflation pressures are rising. The current account deficit (cash basis) was 1 1\2 percent of GDP, better than programmed, owing to a broad-based rise in exports and high private transfers. 
538 |a Mode of access: Internet 
830 0 |a IMF Staff Country Reports; Country Report ;  |v No. 2005/184 
856 4 0 |z Full text available on IMF  |u http://elibrary.imf.org/view/journals/002/2005/184/002.2005.issue-184-en.xml  |z IMF e-Library